Russian federation - Statistics

General Stats
  • This quiz has been taken 16 times
  • The average score is 32 of 85
Answer Stats
% Correct
Oblast Moscow
92%
Federal city Moscow
92%
Oblast Kaliningrad
75%
Republic Tatarstan
67%
Oblast Volgograd
67%
Oblast Amur
58%
Republic Dagestan
58%
Autonomous oblast Jewish Autonomous Oblast
58%
Oblast Léningrad
58%
Oblast Omsk
58%
Krai Perm
58%
Oblast Tomsk
58%
Republic Altai
50%
Krai Altai
50%
Oblast Astrakhan
50%
Oblast Chelyabinsk
50%
Oblast Irkutsk
50%
Republic Karelia
50%
Oblast Kemerovo
50%
Oblast Novgorod
50%
Oblast Rostov
50%
Republic Sakha (Yakoutia)
50%
Oblast Smolensk
50%
Republic Tuva
50%
Oblast Belgorod
42%
Oblast Bryansk
42%
Republic Buryatia
42%
Republic Chechen
42%
Oblast Ivanovo
42%
Oblast Kirov
42%
Krai Krasnodar
42%
Krai Krasnoyarsk
42%
Oblast Kursk
42%
Oblast Magadan
42%
Oblast Murmansk
42%
Autonomous okrug Nenets
42%
Republic North Ossetia-Alania
42%
Oblast Sakhalin
42%
Oblast Samara
42%
Federal city Sevastopol
42%
Republic Adygea
33%
Oblast Arkhangelsk
33%
Autonomous okrug Chukotka
33%
Republic Crimea
33%
Republic Ingushetia
33%
Krai Khabarovsk
33%
Republic Komi
33%
Republic Mari
33%
Oblast Novosibirsk
33%
Oblast Ryazan
33%
Federal city Saint Petersburg
33%
Oblast Saratov
33%
Oblast Sverdlovsk
33%
Oblast Tula
33%
Oblast Tver
33%
Republic Udmurt
33%
Oblast Vladimir
33%
Oblast Voronezh
33%
Republic Bashkortostan
25%
Republic Chuvash
25%
Republic Kabardino-Balkar
25%
Republic Kalmykia
25%
Oblast Kaluga
25%
Republic Khakassia
25%
Autonomous okrug Khanty-Mansi
25%
Oblast Kostroma
25%
Oblast Kurgan
25%
Republic Mordovia
25%
Oblast Orenburg
25%
Oblast Penza
25%
Krai Primorsky
25%
Oblast Pskov
25%
Krai Stavropol
25%
Oblast Tambov
25%
Oblast Tyumen
25%
Autonomous okrug Yamalo-Nenets
25%
Oblast Yaroslavl
25%
Republic Karachay-Cherkess
17%
Oblast Lipetsk
17%
Oblast Ulyanovsk
17%
Oblast Vologda
17%
Krai Zabaykalsky
17%
Krai Kamtchatka
8%
Oblast Oriol
8%
Oblast Nizhni Novgorod
0%
No matching quizzes found
Score Distribution
Percent of People with Each Score
Percentile by Number Answered
Your Score History
You have not taken this quiz